Sports Quiz

Random Sports or Auto Racing Quiz

NASCAR Teamates: Joe Nemechek Quiz Stats

 Plays Quiz not verified by Sporcle

Score 0/58 Timer 10:00
0 Plays Today
Years Teamate % Correct
1997Robby Gordon
91.7%
2002-2003Jeff Gordon
91.7%
2000, 2007-2008Kenny Wallace
83.3%
2002-2003, 2014Mike Wallace
83.3%
2002-2003Terry Labonte
83.3%
2012, 2006Bill Elliott
75%
1998-1999, 2006-2007Sterling Marlin
75%
2001Bobby Hamilton Jr.
75%
2002-2003Jerry Nadeau
75%
2002-2003Jimmie Johnson
75%
2003Brian Vickers
75%
2007Mark Martin
75%
2007Regan Smith
75%
2014Michael Waltrip
75%
1997-1998, 2001Wally Dallenbach Jr.
66.7%
1999Ron Hornaday Jr.
66.7%
2000, 2002Geoffrey Bodine
66.7%
2001Bobby Hamilton
66.7%
2002Todd Bodine
66.7%
2002Ken Schrader
66.7%
2015, 2019-Reed Sorenson
66.7%
2015David Ragan
66.7%
1998-1999Jeff Green
58.3%
2002Johnny Benson Jr.
58.3%
2003-2004Boris Said
58.3%
2003David Green
58.3%
2019-Ross Chastain
58.3%
2014Dave Blaney
58.3%
1993Ernie Irvan
50%
Years Teamate % Correct
1997Steve Park
50%
1999Steve Grissom
50%
2003Mike Skinner
50%
2019-Quin Houff
50%
2019-Ryan Sieg
50%
2015David Gilliland
50%
2009Scott Speed
41.7%
1993Jeff Purvis
41.7%
1997Greg Sacks
41.7%
2014Corey LaJoie
41.7%
2014Nelson Piquet Jr.
41.7%
2015Chris Buescher
41.7%
2011Kevin Conway
33.3%
2012, 2014Timmy Hill
33.3%
1998Morgan Shepherd
33.3%
2001Scott Pruett
33.3%
2002Frank Kimmel
33.3%
2003Jason Keller
33.3%
2019-Garrett Smithley
33.3%
2015Cole Whitt
33.3%
2015Josh Wise
33.3%
2010Jeff Fuller
25%
2002Hideo Fukuyama
25%
2014-2015Brett Moffitt
25%
1997Phil Parsons
16.7%
2015Justin Marks
16.7%
2013-2014Tomy Drissi
8.3%
1993Jimmy Hensley
8.3%
1998Tommy Kendall
8.3%

You're not logged in!

Compare scores with friends on all Sporcle quizzes.
OR
Log In

Sporcle TV

Today on Sporcle TV


Watch our educational content, quiz creation guides, and fun videos on Sporcle TV.

Show Comments

Extras

Created Sep 15, 2019ReportNominate
Tags:Auto Racing Quiz

Top Quizzes Today


Score Distribution

Your Account Isn't Verified!

In order to create a playlist on Sporcle, you need to verify the email address you used during registration. Go to your Sporcle Settings to finish the process.

Report this User

Report this user for behavior that violates our Community Guidelines.

Details: